000 00550nam a2200181 i 4500
001 144037
003 ES-MaACL
005 20230906200929.0
007 t|
008 070214s1979 sp |||| | spa d
100 1 _aShoemaker, William H.
_9106147
245 1 3 _aLa crítica literaria de Galdós /
_cWilliam H. Shoemaker.
260 _aMadrid :
_bÍnsula,
_c1979.
300 _a304 p. ;
_c25 cm.
600 1 4 _aPérez Galdós, Benito,
_d1843-1920-
_xCrítica e interpretación
_990875
852 _aES-MaACL
_jA-10305
999 _c144037
_d144037